000 00760nas a22001937a 4500
001 K121139
007 ta
008 191021b2019 ||||| |||| 00| 0 eng d
041 _aeng
245 _aBeyond the hype of the hyperloop
260 _c2019
490 _aModus
_vJune 2019. 10-11(2)
520 _aDiscussion with five experts into whether the turbocharged tube is the solution to modern day transport problems. The experts were Brandon Kluzniak, Virgin Hyperloop One in Los Angeles, Drew Thompson, Black and Veatch in Kansas, Ira Gupta, an independent consultant and David Levinson, University of Sydney.
650 _aTURBOCHARGED TUBE
650 _aHYPERLOOP
650 _aTRANSPORT
651 _aUnited Kingdom
690 _96246
_aInfrastructure
999 _c121139
_d121139